Word Ladder: Meaty Meal Quiz Stats

 Plays Quiz Updated Nov 18, 2014

Score 0/12 Timer 01:00
3 Plays Today
Clue Answer % Correct
Fish limbsFINS
88.1%
It could be worse than one's biteBARK
88.1%
Cheerers at a sports gameFANS
85.4%
Au naturelBARE
83.5%
Little white liesFIBS
82.6%
Bones that protect the thoracic cavity•RIBS•
74.6%
Paul Bunyan's big blue oxBABE
72.9%
____-serifSANS
72.7%
____ Face Nelson•BABY•
69.3%
Where the stern is•BACK•
66.5%
Stepped in quicksandSANK
65.2%
Plunder and pillageSACK
52.8%

Today's Daily Dose

Quick Pick
American Flags

Get the Picture
Fast Food

You're not logged in!

Compare scores with friends on all Sporcle quizzes.
OR
Log In

Sporcle TV

Today on Sporcle TV


Watch our educational content, quiz creation guides, and fun videos on Sporcle TV.

Show Comments

Extras

Top Quizzes Today


Score Distribution

Your Account Isn't Verified!

In order to create a playlist on Sporcle, you need to verify the email address you used during registration. Go to your Sporcle Settings to finish the process.

Report this User

Report this user for behavior that violates our Community Guidelines.

Details: